书目信息 |
| 题名: |
中国藏日本画精选
|
|
| 作者: | ||
| 分册: | 第一辑 东北卷 | |
| 出版信息: | 天津 天津人民美术出版社 2006 |
|
| 页数: | 53页 | |
| 开本: | 35cm | |
| 丛书名: | ||
| 单 册: | ||
| 中图分类: | J232(313) | |
| 科图分类: | ||
| 主题词: | 日本画 , 日本画--日本--画册 | |
| 电子资源: | ||
| ISBN: | 7-5305-3088-7 | |
| 000 | 00697nam0 2200229 450 | |
| 001 | 003067269 | |
| 005 | 20070806092921.18 | |
| 010 | @a7-5305-3088-7@b线装@dCNY60.00 | |
| 100 | @a20060116d2006 em y0chiy0110 ea | |
| 101 | 0 | @achi |
| 102 | @aCN@b120000 | |
| 105 | @aa z 000yy | |
| 106 | @ad | |
| 200 | 1 | @a中国藏日本画精选@9zhong guo cang ri ben hua jing xuan@i东北卷@h第一辑 |
| 210 | @a天津@c天津人民美术出版社@d2006 | |
| 215 | @a53页@d35cm | |
| 330 | @a本书主要收录了月下行旅图、风情人物、梅雀图、花下仕女、观月达摩、野狐垂钓、梅枝图等内容。 | |
| 606 | 0 | @a日本画 |
| 606 | 0 | @a日本画@y日本@j画册 |
| 690 | @aJ232(313)@v4 | |
| 801 | 0 | @aCN@bNLC@c20070806 |
| 905 | @a10447@dJ232(313)@e78:1 | |
| 中国藏日本画精选.东北卷.第一辑.-天津:天津人民美术出版社,2006 |
| 53页;35cm |
| ISBN 7-5305-3088-7(线装):CNY60.00 |
| 本书主要收录了月下行旅图、风情人物、梅雀图、花下仕女、观月达摩、野狐垂钓、梅枝图等内容。 |
| ● |
| 相关链接 |
|
|
|
|
正题名:中国藏日本画精选
索取号:J232(313)/78:1
 
预约/预借
| 序号 | 登录号 | 条形码 | 馆藏地/架位号 | 状态 | 备注 |
| 1 | 0806371 | 208063717 | 第一样本阅览室/ [索取号:J232(313)/78:1] | 在馆 | |
| 2 | 0806372 | 208063726 | 第一借阅区/ [索取号:J232(313)/78:1] | 在馆 | |
| 3 | 0806373 | 208063735 | 第一借阅区/ [索取号:J232(313)/78:1] | 在馆 | |
| 4 | 0806374 | 208063744 | 第一借阅区/ [索取号:J232(313)/78:1] | 在馆 | |
| 5 | 0806375 | 208063753 | 第一借阅区/ [索取号:J232(313)/78:1] | 在馆 | |
| 6 | 0806376 | 208063762 | 第一借阅区/ [索取号:J232(313)/78:1] | 在馆 | |
| 7 | 0806377 | 208063771 | 第一借阅区/ [索取号:J232(313)/78:1] | 在馆 | |
| 8 | 0806378 | 208063780 | 密集书库-美术系/ [索取号:J232(313)/78:1] | 在馆 | |
| 9 | 0806379 | 208063799 | 美术系资料室/ [索取号:J232(313)/78:1] | 在馆 | |
| 10 | 0806380 | 208063806 | 密集书库-美术系/ [索取号:J232(313)/78:1] | 在馆 |